[Event "XXIX Cracovia 2018"]
[Site "Krakow"]
[Date "2018.12.28"]
[Round "2"]
[White "Nowicki, Bartosz"]
[Black "Szczurek, Krzysztof"]
[Result "1/2-1/2"]
[WhiteElo "2305"]
[BlackElo "2212"]
[Annotator "NA"]
[PlyCount "97"]
[EventDate "2018.12.27"]
[EventType "swiss"]
[EventCountry "POL"]
[SourceTitle "playchess.com"]
[Source "ChessBase"]
[SourceQuality "1"]
[TimeControl "40/5400+30:1800+30"]

1. e4 {[%emt 0:00:00]} c5 {[%emt 0:00:00]} 2. Nf3 {[%emt 0:00:00]} d6 {[%emt 0:00:41]} 3. d4 {[%emt 0:00:00]} cxd4 {[%emt 0:00:06]} 4. Nxd4 {[%emt 0:00:00]} Nf6 {[%emt 0:00:07]} 5. Nc3 {[%emt 0:00:00]} a6 6. Bg5 e6 {[%emt 0:00:16]} 7. f4 {[%emt 0:00:04]} h6 {[%emt 0:00:11]} 8. Bh4 {[%emt 0:00:06]} Qb6 {[%emt 0:00:07]} 9. a3 {[%emt 0:00:53]} Be7 {[%emt 0:00:12]} 10. Bf2 {[%emt 0:00:07]} Qc7 {[%emt 0:00:11]} 11. Be2 {[%emt 0:00:11]} b5 {[%emt 0:01:11]} 12. Bf3 {[%emt 0:00:11]} Bb7 {[%emt 0:00:08]} 13. O-O {[%emt 0:01:19]} Nbd7 {[%emt 0:00:57]} 14. Qe2 {[%emt 0:02:50]} O-O {[%emt 0:01:48]} 15. Rae1 {[%emt 0:02:13]} Rac8 {[%emt 0:02:09]} 16. g4 {[%emt 0:03:06]} Nh7 {[%emt 0:05:32]} 17. h4 {[%emt 0:01:41]} g5 {[%emt 0:04:53]} 18. hxg5 {[%emt 0:10:40]} hxg5 {[%emt 0:00:09]} 19. f5 {[%emt 0:00:24]} Ne5 {[%emt 0:05:25]} 20. Be3 {[%emt 0:04:20]} Qd7 {[%emt 0:10:25]} 21. Qh2 {[%emt 0:03:31]} Kg7 {[%emt 0:02:10]} 22. Nde2 {[%emt 0:11:57]} Rh8 {[%emt 0:02:14]} 23. Qg2 {[%emt 0:01:07]} Nc4 {[%emt 0:02:29]} 24. Ng3 {[%emt 0:08:25]} Nxe3 {[%emt 0:03:58]} 25. Nh5+ {[%emt 0:00:04]} Kg8 {[%emt 0:00:06]} 26. Rxe3 {[%emt 0:00:06]} Nf6 {[%emt 0:00:07]} 27. Rd3 {[%emt 0:01:34]} Qc7 {[%emt 0:02:47]} 28. Qd2 {[%emt 0:02:58]} Qc5+ {[%emt 0:03:41]} 29. Kg2 {[%emt 0:01:40]} Nxh5 {[%emt 0:02:09]} 30. gxh5 {[%emt 0:00:06]} a5 {[%emt 0:01:26]} 31. e5 {[%emt 0:12:59]} Bxf3+ {[%emt 0:01:35]} 32. Rdxf3 {[%emt 0:00:05]} Rxh5 {[%emt 0:06:02]} 33. fxe6 {[%emt 0:03:07]} Qxe5 {[%emt 0:04:26]} 34. exf7+ {[%emt 0:00:42]} Kg7 {[%emt 0:00:08]} 35. Rh1 {[%emt 0:07:04]} Rxh1 {[%emt 0:00:52]} 36. Kxh1 {[%emt 0:00:02]} Rh8+ {[%emt 0:00:08]} 37. Kg1 {[%emt 0:00:04]} g4 {[%emt 0:10:29]} 38. Re3 {[%emt 0:00:13]} Qh5 {[%emt 0:03:09]} 39. Qg2 {[%emt 0:00:10]} Bf6 {[%emt 0:02:04]} 40. Re4 {[%emt 0:00:00]} Kxf7 {[%emt 0:00:00]} 41. Rxg4 {[%emt 0:02:40]} Qc5+ {[%emt 0:01:29]} 42. Kf1 {[%emt 0:00:21]} Qf5+ {[%emt 0:01:03]} 43. Ke1 {[%emt 0:01:39]} Qe5+ {[%emt 0:17:21]} 44. Kd1 {[%emt 0:17:13]} Re8 {[%emt 0:00:34]} 45. Qf2 {[%emt 0:00:19]} Re6 {[%emt 0:09:22]} 46. Kc1 {[%emt 0:03:47]} Qe1+ {[%emt 0:03:35]} 47. Qxe1 {[%emt 0:00:07]} Rxe1+ {[%emt 0:00:04]} 48. Kd2 {[%emt 0:00:07]} Re5 {[%emt 0:00:21]} 49. Re4 {[%emt 0:02:41]} 1/2-1/2

[Event "XXIX Cracovia 2018"]
[Site "Krakow"]
[Date "2018.12.28"]
[Round "2"]
[White "Belous, Mikhail"]
[Black "Cholleti Sahajasri"]
[Result "1-0"]
[WhiteElo "2299"]
[BlackElo "2069"]
[Annotator "NA"]
[PlyCount "105"]
[EventDate "2018.12.27"]
[EventType "swiss"]
[EventCountry "POL"]
[SourceTitle "playchess.com"]
[Source "ChessBase"]
[SourceQuality "1"]
[TimeControl "40/5400+30:1800+30"]

1. d4 {[%emt 0:00:00]} Nf6 {[%emt 0:00:00]} 2. c4 {[%emt 0:00:01]} e6 {[%emt 0:00:17]} 3. Nc3 {[%emt 0:00:15]} Bb4 4. e3 b6 {[%emt 0:02:57]} 5. Nge2 {[%emt 0:00:32]} Ne4 {[%emt 0:02:28]} 6. Qc2 {[%emt 0:04:31]} Bb7 {[%emt 0:00:46]} 7. a3 {[%emt 0:02:26]} Bxc3+ {[%emt 0:00:46]} 8. Nxc3 {[%emt 0:00:11]} Nxc3 {[%emt 0:00:35]} 9. Qxc3 {[%emt 0:00:10]} d6 {[%emt 0:03:48]} 10. b3 {[%emt 0:18:25]} Nd7 {[%emt 0:12:14]} 11. Bb2 {[%emt 0:00:34]} Qf6 {[%emt 0:14:35]} 12. Qd2 {[%emt 0:05:05]} a5 {[%emt 0:05:48]} 13. d5 {[%emt 0:05:43]} Qg6 {[%emt 0:13:35]} 14. Bd3 {[%emt 0:33:09]} Qxg2 {[%emt 0:01:46]} 15. O-O-O {[%emt 0:00:23]} Nc5 {[%emt 0:00:29]} 16. Bc2 {[%emt 0:01:03]} e5 {[%emt 0:04:51]} 17. Rhg1 {[%emt 0:01:26]} Qf3 {[%emt 0:07:34]} 18. Rxg7 {[%emt 0:01:20]} Ne4 {[%emt 0:02:56]} 19. Bxe4 {[%emt 0:02:51]} Qxe4 {[%emt 0:00:03]} 20. f4 {[%emt 0:05:41]} a4 {[%emt 0:07:59]} 21. fxe5 {[%emt 0:00:34]} axb3 {[%emt 0:00:36]} 22. Qd3 {[%emt 0:04:22]} Qxd3 {[%emt 0:01:09]} 23. Rxd3 {[%emt 0:00:01]} Ra4 {[%emt 0:02:36]} 24. Rg4 {[%emt 0:02:06]} h5 {[%emt 0:05:12]} 25. Re4 {[%emt 0:01:12]} Rg8 {[%emt 0:01:15]} 26. exd6+ {[%emt 0:00:20]} Kd7 {[%emt 0:00:18]} 27. dxc7 {[%emt 0:00:59]} Rg1+ {[%emt 0:05:21]} 28. Kd2 {[%emt 0:00:38]} Rg2+ {[%emt 0:02:02]} 29. Kc3 {[%emt 0:00:13]} b5 {[%emt 0:00:04]} 30. Rdd4 {[%emt 0:04:49]} bxc4 {[%emt 0:01:33]} 31. Rxc4 {[%emt 0:00:14]} Rxc4+ {[%emt 0:00:04]} 32. Rxc4 {[%emt 0:00:09]} Rxh2 {[%emt 0:00:58]} 33. Kxb3 {[%emt 0:00:19]} Re2 {[%emt 0:01:01]} 34. e4 {[%emt 0:04:25]} h4 {[%emt 0:00:06]} 35. d6 {[%emt 0:02:24]} h3 {[%emt 0:01:08]} 36. c8=Q+ {[%emt 0:00:34]} Bxc8 {[%emt 0:00:05]} 37. Rc7+ {[%emt 0:00:04]} Kxd6 {[%emt 0:00:43]} 38. Rxc8 {[%emt 0:00:06]} Re3+ {[%emt 0:00:21]} 39. Bc3 {[%emt 0:00:31]} Rxe4 {[%emt 0:00:39]} 40. Rh8 {[%emt 0:00:00]} Re3 {[%emt 0:00:00]} 41. Kc4 {[%emt 0:01:19]} f5 {[%emt 0:04:13]} 42. Bd2 {[%emt 0:06:40]} Rf3 {[%emt 0:00:49]} 43. Kd4 {[%emt 0:00:35]} Ke6 {[%emt 0:03:44]} 44. a4 {[%emt 0:01:19]} Ra3 {[%emt 0:12:33]} 45. a5 {[%emt 0:00:20]} Ra4+ {[%emt 0:00:14]} 46. Kd3 {[%emt 0:01:13]} f4 {[%emt 0:00:50]} 47. Rxh3 {[%emt 0:10:10]} Ra3+ {[%emt 0:00:42]} 48. Bc3 {[%emt 0:00:05]} Kf5 {[%emt 0:00:02]} 49. Rh8 {[%emt 0:07:03]} f3 {[%emt 0:00:16]} 50. Rf8+ {[%emt 0:00:17]} Kg4 {[%emt 0:00:02]} 51. Kc4 {[%emt 0:00:25]} Kg3 {[%emt 0:00:42]} 52. Kb4 {[%emt 0:00:11]} Ra2 {[%emt 0:00:04]} 53. Bd4 {[%emt 0:01:03]} 1-0

[Event "XXIX Cracovia 2018"]
[Site "Krakow"]
[Date "2018.12.28"]
[Round "2"]
[White "Kulkarni Bhakti"]
[Black "Jarmula, Lukasz"]
[Result "0-1"]
[WhiteElo "2283"]
[BlackElo "2481"]
[Annotator "TA"]
[PlyCount "74"]
[EventDate "2018.12.27"]
[EventType "swiss"]
[EventCountry "POL"]
[SourceTitle "playchess.com"]
[Source "ChessBase"]
[SourceQuality "1"]

{[%evp 16,74,18,26,15,8,20,14,63,27,24,16,18,12,41,15,20,11,0,14,6,-71,-20,-60,-61,-83,-60,-45,-31,-108,-110,-91,-81,-130,-135,-298,-122,-120,-112,-115,-101,-107,-85,-75,-81,-87,-70,-286,-279,-397,-412,-602,-571,-575,-505,-982,-954,-1610,-1507,-2166,-2108]} 1. d4 d5 2. c4 e6 3. Nc3 Bb4 4. cxd5 exd5 5. a3 Bxc3+ 6. bxc3 {D31: Queen's Gambit Declined: Semi-Slav without ...Nf6 (+ Marshall Gambit and Noteboom) and Exchange Variation lines without ...Nf6} Ne7 7. e3 O-O 8. Bd3 Bf5 9. Ne2 {LiveBook: 3 Games} Bxd3 10. Qxd3 c5 11. O-O Nbc6 {[%cal Bb8c6,Bc6a5,Ba5b3][%mdl 32]} 12. a4 c4 13. Qc2 {[#]} Na5 $146 ({Predecessor:} 13... Re8 14. f3 a6 {½-½ (14) Sundararajan,K (2458)-Ehlvest,J (2640) Dubai 2007}) 14. Ba3 Nb3 15. Rae1 Re8 16. f3 Ng6 $36 {[%mdl 2048] Black has the initiative.} 17. e4 Qa5 $1 18. exd5 (18. Bd6 $11 {remains equal.}) 18... Qxd5 (18... Qxa4 $17 19. Bb2 Qd7) 19. Ng3 Qa5 20. Nf5 Rxe1 21. Rxe1 Qxa4 22. Ne7+ (22. Bd6 $15) 22... Nxe7 $17 23. Bxe7 Qd7 24. Qe4 Re8 25. Re3 $2 {[#]} (25. Qh4 $17) 25... b6 (25... f5 $1 $19 {[%cal Rf5e4] is more deadly.} 26. Qh4 Nc1) 26. Qf4 h6 27. Ba3 Rxe3 28. Qxe3 Qe6 29. Kf2 a5 {[%cal Ba7a5,Ba5a4,Ba4a3][%mdl 32]} 30. Qf4 Kh7 31. Qc7 $2 {[#]} ({White should play} 31. g4 $15) 31... Na1 $1 $19 32. Bc1 (32. Qe5 $142 Qxe5 33. dxe5) 32... Nc2 {[%csl Gc2][%cal Re6e1]} 33. Bd2 (33. Qe5 $142 Qxe5 34. dxe5) 33... a4 {Black is clearly winning.} 34. Qa7 b5 35. Qc5 (35. h4 $142 a3 36. Kg3) 35... a3 {Hoping for ...a2.} 36. d5 Qe5 37. f4 Qf5 {Accuracy: White = 31%, Black = 72%.} 0-1

[Event "XXIX Cracovia 2018"]
[Site "Krakow"]
[Date "2018.12.28"]
[Round "2"]
[White "Ojas Kulkarni"]
[Black "Janik, Igor"]
[Result "0-1"]
[WhiteElo "2282"]
[BlackElo "2476"]
[Annotator "ChessBase"]
[PlyCount "42"]
[EventDate "2018.12.27"]
[EventType "swiss"]
[EventCountry "POL"]
[SourceTitle "playchess.com"]
[Source "ChessBase"]
[SourceQuality "1"]
[TimeControl "40/5400+30:1800+30"]

1. c4 {[%emt 0:00:00]} e5 {[%emt 0:00:00]} 2. Nc3 {[%emt 0:00:00]} Nf6 {[%emt 0:00:00]} 3. Nf3 {[%emt 0:00:00]} Nc6 {[%emt 0:00:00]} 4. e3 {[%emt 0:00:09]} Bb4 {[%emt 0:00:02]} 5. Qc2 {[%emt 0:00:11]} Bxc3 {[%emt 0:00:06]} 6. dxc3 {[%emt 0:07:11]} d6 {[%emt 0:00:59]} 7. e4 {[%emt 0:00:08]} h6 {[%emt 0:00:50]} 8. Bd3 {[%emt 0:00:46]} O-O {[%emt 0:00:54]} 9. Nd2 {[%emt 0:02:43]} a5 {[%emt 0:00:36]} 10. Nf1 {[%emt 0:01:22]} a4 {[%emt 0:02:00]} 11. Ne3 {[%emt 0:02:29]} Be6 {[%emt 0:01:01]} 12. Qe2 {[%emt 0:07:52]} Nd7 {[%emt 0:01:43]} 13. h4 {[%emt 0:00:29]} Nc5 {[%emt 0:01:12]} 14. g4 {[%emt 0:01:13]} Ne7 {[%emt 0:03:08]} 15. Nf5 {[%emt 0:05:40]} f6 {[%emt 0:24:03]} 16. g5 {[%emt 0:23:44]} fxg5 {[%emt 0:01:43]} 17. Nxh6+ {[%emt 0:08:48]} gxh6 {[%emt 0:00:51]} 18. hxg5 {[%emt 0:00:07]} Qd7 {[%emt 0:07:46]} 19. f3 {[%emt 0:08:43]} Nxd3+ {[%emt 0:03:05]} 20. Qxd3 {[%emt 0:00:02]} Ng6 {[%emt 0:01:50]} 21. Rxh6 {[%emt 0:02:17]} Kg7 {[%emt 0:01:13]} 0-1

[Event "XXIX Cracovia 2018"]
[Site "Krakow"]
[Date "2018.12.28"]
[Round "2"]
[White "Miroshnichenko, Pavel"]
[Black "Gumularz, Szymon"]
[Result "1/2-1/2"]
[WhiteElo "2275"]
[BlackElo "2462"]
[Annotator "ChessBase"]
[PlyCount "34"]
[EventDate "2018.12.27"]
[EventType "swiss"]
[EventCountry "POL"]
[SourceTitle "playchess.com"]
[Source "ChessBase"]
[SourceQuality "1"]
[TimeControl "40/5400+30:1800+30"]

1. Nf3 {[%emt 0:00:00]} Nf6 {[%emt 0:00:00]} 2. c4 {[%emt 0:00:00]} e6 {[%emt 0:00:00]} 3. Nc3 {[%emt 0:00:06]} d5 {[%emt 0:00:00]} 4. e3 {[%emt 0:00:18]} a6 {[%emt 0:00:17]} 5. d4 {[%emt 0:00:22]} dxc4 {[%emt 0:01:19]} 6. Bxc4 {[%emt 0:00:26]} b5 {[%emt 0:00:05]} 7. Bb3 {[%emt 0:00:46]} Bb7 {[%emt 0:00:09]} 8. O-O {[%emt 0:00:14]} c5 {[%emt 0:00:04]} 9. e4 {[%emt 0:01:41]} cxd4 {[%emt 0:03:35]} 10. Nxd4 {[%emt 0:01:12]} Nc6 {[%emt 0:00:20]} 11. Nxc6 {[%emt 0:04:22]} Qxd1 {[%emt 0:08:11]} 12. Rxd1 {[%emt 0:00:13]} Bxc6 {[%emt 0:00:04]} 13. f3 {[%emt 0:01:12]} Nd7 {[%emt 0:17:05]} 14. Be3 {[%emt 0:02:21]} Bc5 {[%emt 0:01:16]} 15. Kf2 {[%emt 0:05:06]} Bxe3+ {[%emt 0:00:47]} 16. Kxe3 {[%emt 0:00:06]} Ke7 {[%emt 0:00:02]} 17. Ne2 {[%emt 0:05:58]} Bb7 {[%emt 0:03:28]} 1/2-1/2

[Event "XXIX Cracovia 2018"]
[Site "Krakow"]
[Date "2018.12.28"]
[Round "2"]
[White "Marczuk, Dominik"]
[Black "Skawinski, Arkadiusz"]
[Result "1-0"]
[WhiteElo "2274"]
[BlackElo "2419"]
[Annotator "TA"]
[PlyCount "43"]
[EventDate "2018.12.27"]
[EventType "swiss"]
[EventCountry "POL"]
[SourceTitle "playchess.com"]
[Source "ChessBase"]
[SourceQuality "1"]

{[%evp 9,43,-10,0,-8,0,0,0,0,0,0,0,0,0,-2,-14,-41,-27,-36,-29,-25,-30,-39,-41,-85,0,0,0,0,0,0,479,468,29969,29971,29971,29972]} 1. d4 d5 2. Nc3 e6 3. Bf4 Nf6 4. Nb5 Na6 5. a3 Nh5 $146 ({Predecessor:} 5... Be7 6. e3 O-O 7. Nf3 Ne4 8. Nd2 f5 9. Nxe4 fxe4 10. Be2 c6 11. Nc3 Nc7 {1-0 (54) Jobava,B (2702)-Wei,Y (2707) Doha 2016}) 6. Be5 {D00: 1 d4 d5: Unusual lines} f6 7. e3 g6 8. Bg3 {The position is equal.} Nxg3 (8... c6 $5 9. Nc3 $8 e5 $11) 9. hxg3 c6 10. Nc3 e5 11. Bxa6 bxa6 12. Qd3 Rb8 {[%cal Ba8b8,Bb8b2,Bb2c2][%mdl 32]} 13. e4 Rxb2 14. dxe5 fxe5 {Strongly threatening ...Qa5.} 15. exd5 cxd5 {Threatens to win with ...Bc5.} 16. Nxd5 Bf5 ({Black should try} 16... Qa5+ $17 17. Qd2 Qxd2+ 18. Kxd2 Bc5 19. Nf6+ Ke7 20. Nd5+ Ke6) 17. Qc3 $11 {[%mdl 64] [#] Double Attack} Rxc2 18. Qxe5+ {[%mdl 64] Double Attack} Kf7 19. Rb1 $1 {[%cal Rb1b7]} Bd6 $2 {[%mdl 8192]} (19... Qc8 $11) 20. Rb7+ $18 {[%mdl 64] Double Attack} Bd7 (20... Rc7 $18 21. Rxc7+ Bxc7 22. Nxc7 Qf6 23. Qxf6+ Kxf6) 21. Qxd6 {[%mdl 64] [#] Double Attack} Qa5+ 22. Nb4 1-0

[Event "XXIX Cracovia 2018"]
[Site "Krakow"]
[Date "2018.12.28"]
[Round "2"]
[White "Piotrowski, Przemyslaw"]
[Black "Kosakowski, Jakub"]
[Result "0-1"]
[WhiteElo "2269"]
[BlackElo "2415"]
[Annotator "NA"]
[PlyCount "54"]
[EventDate "2018.12.27"]
[EventType "swiss"]
[EventCountry "POL"]
[SourceTitle "playchess.com"]
[Source "ChessBase"]
[SourceQuality "1"]
[TimeControl "40/5400+30:1800+30"]

1. d4 {[%emt 0:00:00]} Nf6 {[%emt 0:00:00]} 2. Nf3 {[%emt 0:00:00]} g6 {[%emt 0:00:00]} 3. c4 {[%emt 0:00:05]} Bg7 {[%emt 0:00:01]} 4. g3 {[%emt 0:00:04]} O-O {[%emt 0:01:30]} 5. Bg2 {[%emt 0:00:07]} d6 {[%emt 0:00:16]} 6. Nc3 {[%emt 0:00:11]} c6 {[%emt 0:02:48]} 7. O-O {[%emt 0:00:06]} a6 {[%emt 0:00:21]} 8. e4 {[%emt 0:07:27]} Bg4 {[%emt 0:02:54]} 9. h3 {[%emt 0:05:57]} Bxf3 {[%emt 0:00:14]} 10. Bxf3 {[%emt 0:00:07]} Nfd7 {[%emt 0:01:02]} 11. a4 {[%emt 0:06:27]} a5 {[%emt 0:04:24]} 12. Be3 {[%emt 0:04:23]} Na6 {[%emt 0:00:43]} 13. Bg2 {[%emt 0:03:48]} e5 {[%emt 0:02:11]} 14. d5 {[%emt 0:15:39]} Ndc5 {[%emt 0:01:31]} 15. Qe2 {[%emt 0:04:36]} Qc7 {[%emt 0:04:28]} 16. Rad1 {[%emt 0:01:58]} Rae8 {[%emt 0:06:51]} 17. h4 {[%emt 0:04:29]} f5 {[%emt 0:05:20]} 18. Bh3 {[%emt 0:09:39]} f4 {[%emt 0:02:39]} 19. Bc1 {[%emt 0:05:35]} Nb3 {[%emt 0:02:37]} 20. Qg4 {[%emt 0:02:18]} Nac5 {[%emt 0:01:23]} 21. h5 {[%emt 0:02:21]} Rf6 {[%emt 0:03:48]} 22. dxc6 {[%emt 0:02:40]} bxc6 {[%emt 0:00:17]} 23. hxg6 {[%emt 0:04:51]} Rxg6 {[%emt 0:01:18]} 24. Qh5 {[%emt 0:01:24]} Qf7 {[%emt 0:00:14]} 25. Kh2 {[%emt 0:01:32]} Nxc1 {[%emt 0:00:14]} 26. Rxc1 {[%emt 0:00:19]} Nd3 {[%emt 0:00:22]} 27. Rc2 {[%emt 0:01:55]} Nxf2 {[%emt 0:00:31]} 0-1

[Event "XXIX Cracovia 2018"]
[Site "Krakow"]
[Date "2018.12.28"]
[Round "2"]
[White "Chylewski, Patryk"]
[Black "Hnydiuk, Aleksander"]
[Result "1/2-1/2"]
[WhiteElo "2268"]
[BlackElo "2409"]
[Annotator "NA"]
[PlyCount "40"]
[EventDate "2018.12.27"]
[EventType "swiss"]
[EventCountry "POL"]
[SourceTitle "playchess.com"]
[Source "ChessBase"]
[SourceQuality "1"]
[TimeControl "40/5400+30:1800+30"]

1. d4 {[%emt 0:00:00]} Nf6 {[%emt 0:02:38]} 2. c4 {[%emt 0:00:00]} g6 {[%emt 0:00:25]} 3. Nc3 {[%emt 0:00:00]} d5 {[%emt 0:00:04]} 4. cxd5 {[%emt 0:00:00]} Nxd5 {[%emt 0:00:03]} 5. e4 {[%emt 0:00:00]} Nxc3 {[%emt 0:00:03]} 6. bxc3 {[%emt 0:00:06]} Bg7 {[%emt 0:00:04]} 7. Qa4+ {[%emt 0:00:45]} Nd7 {[%emt 0:04:07]} 8. Nf3 {[%emt 0:01:45]} O-O {[%emt 0:00:26]} 9. Be2 {[%emt 0:01:36]} c5 {[%emt 0:07:11]} 10. O-O {[%emt 0:01:08]} Qc7 {[%emt 0:04:10]} 11. Be3 {[%emt 0:02:51]} b6 {[%emt 0:19:53]} 12. Rac1 {[%emt 0:02:29]} Bb7 {[%emt 0:06:17]} 13. d5 {[%emt 0:03:25]} a6 {[%emt 0:11:48]} 14. c4 {[%emt 0:17:51]} Nf6 {[%emt 0:29:35]} 15. Nd2 {[%emt 0:04:27]} e6 {[%emt 0:01:22]} 16. Qb3 {[%emt 0:11:53]} exd5 {[%emt 0:00:42]} 17. exd5 {[%emt 0:02:37]} Bc8 {[%emt 0:00:27]} 18. h3 {[%emt 0:08:15]} Re8 {[%emt 0:00:36]} 19. Rfe1 {[%emt 0:01:43]} Rb8 {[%emt 0:02:51]} 20. Bd3 {[%emt 0:10:30]} Bd7 {[%emt 0:00:58]} 1/2-1/2

[Event "XXIX Cracovia 2018"]
[Site "Krakow"]
[Date "2018.12.28"]
[Round "2"]
[White "Mis, Mieszko"]
[Black "Molenda, Marcin"]
[Result "0-1"]
[WhiteElo "2260"]
[BlackElo "2383"]
[Annotator "NA"]
[PlyCount "82"]
[EventDate "2018.12.27"]
[EventType "swiss"]
[EventCountry "POL"]
[SourceTitle "playchess.com"]
[Source "ChessBase"]
[SourceQuality "1"]
[TimeControl "40/5400+30:1800+30"]

1. d4 {[%emt 0:00:00]} Nf6 {[%emt 0:00:00]} 2. c4 {[%emt 0:00:00]} e6 {[%emt 0:00:07]} 3. g3 {[%emt 0:00:00]} c5 {[%emt 0:00:30]} 4. d5 {[%emt 0:00:00]} exd5 {[%emt 0:00:12]} 5. cxd5 {[%emt 0:00:04]} d6 {[%emt 0:00:07]} 6. Nc3 {[%emt 0:00:06]} g6 {[%emt 0:00:34]} 7. Bg2 {[%emt 0:00:06]} Bg7 {[%emt 0:00:08]} 8. Nf3 {[%emt 0:00:04]} O-O {[%emt 0:00:09]} 9. O-O {[%emt 0:00:04]} Re8 {[%emt 0:00:32]} 10. Bf4 {[%emt 0:01:49]} h6 {[%emt 0:01:05]} 11. Re1 {[%emt 0:09:14]} g5 {[%emt 0:02:08]} 12. Bc1 {[%emt 0:05:42]} a6 {[%emt 0:00:26]} 13. a4 {[%emt 0:04:07]} Nbd7 {[%emt 0:00:17]} 14. Nd2 {[%emt 0:05:33]} Ne5 {[%emt 0:02:42]} 15. Rb1 {[%emt 0:04:31]} Bf5 {[%emt 0:02:33]} 16. e4 {[%emt 0:02:16]} Nd3 {[%emt 0:03:58]} 17. Rf1 {[%emt 0:07:05]} Bg6 {[%emt 0:04:17]} 18. Qc2 {[%emt 0:15:16]} Nxc1 {[%emt 0:02:14]} 19. Rbxc1 {[%emt 0:00:37]} Rb8 {[%emt 0:00:33]} 20. Rfe1 {[%emt 0:12:22]} b5 {[%emt 0:02:02]} 21. axb5 {[%emt 0:00:43]} axb5 {[%emt 0:00:06]} 22. Qd1 {[%emt 0:06:34]} Nd7 {[%emt 0:05:34]} 23. Bf1 {[%emt 0:02:16]} c4 {[%emt 0:03:03]} 24. b4 {[%emt 0:01:30]} Qb6 {[%emt 0:00:42]} 25. Nf3 {[%emt 0:03:34]} Ra8 {[%emt 0:03:35]} 26. Bh3 {[%emt 0:01:05]} Ne5 {[%emt 0:23:19]} 27. Nxe5 {[%emt 0:00:06]} Bxe5 {[%emt 0:00:28]} 28. Bf5 {[%emt 0:05:06]} Bxc3 {[%emt 0:06:42]} 29. Rxc3 {[%emt 0:00:20]} Bxf5 {[%emt 0:00:06]} 30. exf5 {[%emt 0:00:04]} Rxe1+ {[%emt 0:00:03]} 31. Qxe1 {[%emt 0:00:03]} Qd4 {[%emt 0:00:12]} 32. Rc1 {[%emt 0:03:36]} Qxd5 {[%emt 0:01:23]} 33. Qe7 {[%emt 0:00:48]} Qe5 {[%emt 0:01:08]} 34. Qd7 {[%emt 0:04:32]} Ra2 {[%emt 0:02:44]} 35. Qd8+ {[%emt 0:01:12]} Kg7 {[%emt 0:00:25]} 36. Rd1 {[%emt 0:01:32]} Qxf5 {[%emt 0:00:50]} 37. Qb6 {[%emt 0:00:22]} c3 {[%emt 0:08:12]} 38. Rxd6 {[%emt 0:02:03]} Ra1+ {[%emt 0:02:50]} 39. Kg2 {[%emt 0:00:05]} Qe4+ {[%emt 0:00:30]} 40. Kh3 {[%emt 0:00:00]} c2 {[%emt 0:00:00]} 41. Rxh6 {[%emt 0:00:44]} Qf5+ {[%emt 0:02:01]} 0-1